000 00390nam a2200169Ia 4500
100 _aPusuluri/Nageswara Rao
650 _aSoftware testing
942 _cBK
366 _f27
654 _asoftware testing
245 _aSoftware testing concepts and tools
260 _bDreamtech Press
_c2014
082 _a5.15
_bPUS
300 _a462
546 _aENGLISH
_celectronics
999 _c22077
_d22077